000 00289nam a22001337a 4500
008 170421b xxu||||| |||| 00| 0 eng d
020 _a9780534492960
041 _aeng
080 _22ND
_a573
100 _a11
101 _aSHM
245 _aBIOTECHNOLOGY
_cBARNUM, S.R
942 _2udc
_cBK
999 _c11497
_d11497